000 00623nam a22001937a 4500
999 _c12383
_d12383
003 AR-CdUCM
008 190408b ||||| |||| 00| 0 spa d
040 _aMUNICIPALIDAD PROVINCIAL DEL CUSCO
_cBIBLIOTECA MUNICIPAL DEL CUSCO
082 _22ed.
_aEP / 030 /
_bV77
100 _aVivó, Gabriel
_930216
245 _aEnciclopedia de las Aficiones :
_bFormación de Coros /
260 _aMadrid :
_bSantillana ;
_c1963.
300 _a111 páginas ;
_bIlustraciones
_c21cm
505 _aContenido: Arte -- Coro
650 _aCoro
_930217
650 _aPasatiempos
_930145
942 _2ddc
_cLIBROS
945 _anom
_d2019-04-08